000 00601nam a2200193 i 4500
001 bgj
245 1 0 _aJahrbuch für internationale Germanistik.
_nJahrgang 1 ; Heft 1 /
_chrsg. von Claude David [et al.] ; Geschäftsführender Herausgegeber Hans-Gert Roloff.
260 _aBad Homburg v. d. H. :
_bVerlag Gehlen,
_c1969.
300 _a211 s., [1] k. :
_bil. ;
_c23 cm.
650 9 _aJęzykoznawstwo
700 1 _aDAVID, Claude.
700 1 _aROLLOF, Hans-Gert.
040 _cBPK
041 0 _ager
044 _aDEU
080 _a81'1
942 _cKS
008 s gw f |000 0 ger
999 _c50397
_d50397